Marvel's Daredevil (Netflix series) Characters Quiz - Statistics

General Stats
  • This quiz has been taken 900 times
    832 since last reset
  • The average score is 11 of 26
Answer Stats
Actor/Actress Description Character % Correct
Charlie Cox A blind lawyer who becomes a masked vigilante Matt Murdock / Daredevil
100%
Elden Henson Murdock's close friend and law partner Franklin "Foggy" Nelson
93%
Deborah Ann Woll An enigmatic young woman whose quest for justice sends her crashing into Murdock's life Karen Page
88%
Vincent D'Onofrio A powerful businessman whose interests in the future of Hell's Kitchen brings him into conflict with Murdock and Daredevil Wilson Fisk / Kingpin
83%
Jon Bernthal A vigilante who aims to clean up Hell’s Kitchen by any means necessary, no matter how lethal the results Frank Castle / Punisher
81%
Elodie Yung A mysterious and dangerous woman from Murdock's past Elektra Natchios
77%
Ayelet Zurer An art gallery employee and Wilson Fisk's love interest Vanessa Marianna
65%
Vondie Curtis-Hall An investigative journalist for the New York Bulletin Ben Urich
60%
Scott Glenn A mysterious martial artist and Matt Murdock's mentor, who is in his late 90s Stick
57%
Toby Leonard Moore Fisk's right hand man James Wesley
55%
Rosario Dawson A nurse who helps Murdock Claire Temple
42%
Wai Ching Ho An accomplished woman with her own heroin trade in Hell's Kitchen Gao
41%
Peter Shinkoda A Japanese businessman and head of a Yakuza branch who allies with Wilson Fisk Nobu Yoshioka
38%
Royce Johnson A police sergeant at the New York City Police Department's 15th Precinct who is friends with Matt Murdock and Foggy Nelson Brett Mahoney
32%
Chris Tardio A corrupt detective with the New York City Police Department's 15th Precinct who is secretly in the employ of Wilson Fisk, and is partnered with Carl Hoffman Christian Blake
29%
Susan Varon The owner of a bar frequented by Murdock, Nelson, and Page Josie
25%
Bob Gunton A Wall Street financialist and a key figure in Fisk's plans for Hell's Kitchen Leland Owlsley
25%
Matt Gerald A machinist who creates the Daredevil costume for Murdock Melvin Potter
22%
Daryl Edwards A detective and partner of Christian Blake that is secretly on Wilson Fisk's side, who turns on him and exposes him with the police Carl Hoffman
20%
Rob Morgan A small-time criminal working for Wilson Fisk whom Daredevil beats for information Turk Barrett
20%
Nikolai Nikolaeff A Russian mafia member trying to make a name for himself in America with his brother Anatoly Vladimir Ranskahov
20%
Peter McRobbie A Catholic priest and confidante for Murdock Lantom
18%
Judith Delgado One of the first clients of Nelson and Murdock, who lives in a housing tenement inhibiting Fisk's plan Elena Cardenas
16%
Geoffrey Cantor The Editor-in-Chief of the New York Bulletin Mitchell Ellison
14%
Stephen Rider A New York district attorney who assists Daredevil "with information to help track down and capture criminals" Blake Tower
11%
Amy Rutberg Nelson's ex-girlfriend who works for the corporate law firm Landman and Zach Marci Stahl
8%
No matching quizzes found
Score Distribution
Percent of People with Each Score
Percentile by Number Answered
Your Score History
You have not taken this quiz since the last reset